00654nam a2200205 a 45000010005000000030008000050050017000130080041000300350018000710400029000890410008001180820022001261000017001482450096001652600082002613000029003435040032003726500028004047000016004326466BD-RjUL20211208234240.0160827m19521925enk b 001 0 eng  a(BD-RjUL)6507 aDLCcFBAdEQOd6507beng1 aeng a400bVEL 19522231 aVendryes, J.10aLanguage :ba linguistic introduction to history /cJ. Vendryes ; translated by Paul Radin  aLondon :bK. Paul, Trench, Trubner & Co., ltd. ;c1925, [4th Impression 1952] axxviii, 378 p. ;c25 cm. aBibliography: p. [361]-368. 0aLanguage and languages.1 aRadin, Paul